[Event "Pamplona9596"]
[Site "?"]
[Date "1996.??.??"]
[Round "?"]
[White "Magem Badals, Jordi"]
[Black "Slobodjan, Roman"]
[WhiteElo "2560"]
[BlackElo "2500"]
[Result "1-0"]

1. e4 e5 2. Nf3 Nc6 3. Bb5 a6 4. Bxc6 dxc6 5. O-O Qd6 6. Na3 Be6 7. Qe2 f6 8. Nc4 Qd7 9. Rd1 c5 10. c3 Qf7 11. b3 Bxc4 12. bxc4 Bd6 13. d4 b6 14. dxe5 fxe5 15. Ng5 Qe7 16. f4 Nf6 17. f5 O-O-O 18. Ne6 Rdg8 19. Bg5 g6 20. Rab1 gxf5 21. exf5 Rxg5 22. Nxg5 e4 23. Rxd6 cxd6 24. Rxb6 Nd7 25. Rb1 Qxg5 26. Qxe4 d5 27. cxd5 Kc7 28. d6+ Kxd6 29. Qe6+ Kc7 30. Rd1 Qd8 31. f6 Rf8 32. f7 a5 33. Qd6+ Kc8 34. Qa6+ Kc7 35. Qd6+ Kc8 36. Qa6+ Kc7 37. Qxa5+ Kc8 38. Qa6+ Kc7 39. Qa5+ Kc8 40. Qa6+ Kc7 41. Qe6 Kc8 42. Rd6 Kc7 43. Qd5 Qe7 44. Qc6+ Kb8 45. Qb5+ 

1-0

[Event "Barcelona"]
[Site "?"]
[Date "1990.??.??"]
[Round "?"]
[White "Magem Badals, Jordi"]
[Black "Fernandez Garcia, Jose Luis"]
[WhiteElo "2470"]
[BlackElo "2500"]
[Result "1-0"]

1. Nf3 Nf6 2. d4 g6 3. Nc3 d5 4. Bf4 Bg7 5. e3 O-O 6. Be2 c5 7. dxc5 Nbd7 8. O-O Nxc5 9. Be5 Nce4 10. Nxe4 dxe4 11. Nd2 b6 12. c4 Bb7 13. Qc2 Qd7 14. b4 Rfd8 15. Rad1 Qf5 16. Qb2 h5 17. Bc3 Bh6 18. Nb3 Ng4 19. Nd4 Qc8 20. h3 Ne5 21. Nf5 Qxf5 22. Bxe5 f6 23. Bc3 Rd3 24. Bxd3 exd3 25. Bd2 Rd8 26. f3 Qe6 27. e4 Bg7 28. Rfe1 g5 29. Qb3 Kh7 30. Be3 g4 31. hxg4 hxg4 32. Rxd3 Rh8 33. c5 Qe5 34. Bd4 Qg5 35. fxg4 Kg6 36. Rh3 Rd8 37. Bf2 bxc5 38. bxc5 Bc8 39. Rh5 Qxg4 40. Rh3 Qe6 

1-0

[Event "Pamplona9596"]
[Site "?"]
[Date "1996.??.??"]
[Round "?"]
[White "Magem Badals, Jordi"]
[Black "Izeta Txabarri, Felix"]
[WhiteElo "2560"]
[BlackElo "2495"]
[Result "1-0"]

1. e4 e5 2. Nf3 Nc6 3. Bb5 a6 4. Bxc6 dxc6 5. O-O Ne7 6. Nxe5 Qd4 7. Qh5 g6 8. Qg5 Bg7 9. Nd3 f5 10. e5 c5 11. b3 b6 12. Bb2 Qg4 13. Qe3 Nd5 14. Qe1 Nf4 15. Nxf4 Qxf4 16. Qe3 Qxe3 17. dxe3 Bb7 18. Rd1 Ke7 19. f4 g5 20. c4 Rhg8 21. g3 Bf3 22. Rd2 Rad8 23. Kf2 Be4 24. Ke1 g4 25. Nc3 Rxd2 26. Kxd2 Rd8+ 27. Ke1 Bf3 28. Rc1 h5 29. Rc2 h4 30. gxh4 Rh8 31. Nd5+ Kd8 32. Rd2 Rxh4 33. Nxb6+ Ke8 34. Nd5 g3 35. Nxc7+ Ke7 36. hxg3 Rh1+ 37. Kf2 Rh2+ 38. Kxf3 Rxd2 39. Ba3 Kd7 40. Nxa6 Rxa2 41. Nxc5+ Kc6 42. Bb4 Rb2 43. Ne6 

1-0

[Event "Terrasa op"]
[Site "?"]
[Date "1995.??.??"]
[Round "?"]
[White "Magem Badals, Jordi"]
[Black "Vera, Reynaldo"]
[WhiteElo "2560"]
[BlackElo "2495"]
[Result "1-0"]

1. e4 c5 2. Nf3 d6 3. d4 cxd4 4. Nxd4 Nf6 5. Nc3 a6 6. Be3 e6 7. f3 b5 8. Qd2 Nbd7 9. O-O-O Bb7 10. g4 h6 11. Bd3 Ne5 12. Rhe1 b4 13. Na4 d5 14. exd5 Nxd5 15. f4 Nxd3+ 16. Qxd3 Qd7 17. Qb3 Bd6 18. Nf5 O-O 19. Nb6 Qc7 20. Nxa8 Rxa8 21. Nxd6 Qxd6 22. f5 Qxh2 23. fxe6 fxe6 24. g5 h5 25. Bd4 Qf4+ 26. Kb1 Qf5 27. Rf1 Qg6 28. Rf2 a5 29. Qg3 a4 30. b3 a3 31. Qd6 Rc8 32. Re1 Rc6 33. Qd7 Rc7 34. Qxe6+ Kh7 35. Qxg6+ Kxg6 36. Re6+ Kxg5 37. Rg2+ Kf5 38. Re5+ Kf4 39. Rxh5 Nc3+ 40. Bxc3 Bxg2 41. Be5+ Kg4 42. Bxc7 Kxh5 43. Bd6 g5 44. Bxb4 g4 45. Bxa3 g3 46. c4 Kg5 47. Kb2 Be4 48. Kc3 Kf5 49. Bd6 g2 50. Bh2 Ke6 51. b4 Kd7 52. b5 

1-0

[Event "ESP-ch"]
[Site "?"]
[Date "1997.10.04"]
[Round "?"]
[White "Magem Badals, Jordi"]
[Black "San Segundo Carrillo, Pablo"]
[WhiteElo "2550"]
[BlackElo "2495"]
[Result "1-0"]

1. e4 c5 2. Nf3 d6 3. d4 Nf6 4. Nc3 cxd4 5. Nxd4 Nc6 6. Bg5 e6 7. Qd2 Be7 8. O-O-O Nxd4 9. Qxd4 O-O 10. f4 Qa5 11. Bc4 Bd7 12. e5 dxe5 13. fxe5 Bc6 14. Bd2 Nd7 15. Nd5 Qd8 16. Nxe7+ Qxe7 17. Rhe1 Rfd8 18. Qg4 Nf8 19. Bd3 Rd5 20. Bb4 Qd8 21. g3 Ng6 22. Bc3 Qb8 23. Qe2 b5 24. b3 a5 25. h4 b4 26. Bb2 Bb5 27. Bxb5 Qxb5 28. Qxb5 Rxb5 29. Rd7 h5 30. Bd4 Nf8 31. Rc7 Rd5 32. Bc5 Rd7 33. Rc6 Ng6 34. Bd6 Rb7 35. Kb2 Raa7 36. a3 bxa3+ 37. Kxa3 Ne7 38. Bxe7 Rxe7 39. Rd1 Reb7 40. c4 Kh7 41. c5 Kg6 42. Rb6 Kf5 43. Rxb7 Rxb7 44. c6 Rc7 45. Rc1 Kxe5 46. Ka4 Rc8 47. Kb5 Kd6 48. Rd1+ Ke5 49. Kb6 Rb8+ 50. Ka7 Rxb3 51. Rc1 Rd3 52. c7 Rd7 53. Kb6 Rxc7 54. Rxc7 g5 55. Rc5+ 

1-0

[Event "Moscow ol"]
[Site "?"]
[Date "1994.??.??"]
[Round "?"]
[White "Magem Badals, Jordi"]
[Black "Antonio, Rogelio Jr"]
[WhiteElo "2520"]
[BlackElo "2490"]
[Result "1-0"]

1. e4 c6 2. d4 d5 3. e5 Bf5 4. h4 h5 5. c4 dxc4 6. Bxc4 e6 7. Nc3 Nd7 8. Bg5 Be7 9. Qd2 Nb6 10. Bb3 a5 11. a3 a4 12. Ba2 Bxg5 13. hxg5 Ne7 14. Nge2 Nbd5 15. Ng3 Nxc3 16. bxc3 Bg6 17. Bb1 Qd5 18. f3 Rd8 19. Be4 Qa5 20. Bxg6 Nxg6 21. Qe3 Ne7 22. Ne4 Kf8 23. g4 h4 24. Kf2 Nd5 25. Qd2 c5 26. Rad1 c4 27. Rb1 Qc7 28. Rh2 Qe7 29. Qb2 Kg8 30. Rbh1 Nf4 31. Ke3 Nd3 32. Qa1 Qc7 33. Rxh4 Rxh4 34. Rxh4 Kf8 35. Rh8+ Ke7 36. Rxd8 Kxd8 37. Qb1 Qc6 38. Nd6 Kc7 39. Nxc4 Ne1 40. Qxe1 Qxc4 41. Qc1 Qb3 42. Kf2 b5 43. Qf4 Qxa3 44. Qxf7+ Kd8 45. Qg8+ Kd7 46. Qxg7+ Qe7 47. Qg8 a3 48. g6 Qg5 49. Qf7+ Qe7 50. Qg8 Qg5 51. Kg3 a2 52. Qa8 Qd2 53. Qb7+ Kd8 54. Qb8+ Kd7 55. Qb6 Kc8 56. Qc6+ Kb8 57. Qb6+ Ka8 58. Qa6+ Kb8 59. Qb6+ Ka8 60. Qa6+ Kb8 61. Qxb5+ Ka7 62. Qd7+ Kb8 63. Qe8+ Ka7 64. Qf7+ Kb8 65. g7 

1-0

[Event "Pamplona9495"]
[Site "?"]
[Date "1994.??.??"]
[Round "?"]
[White "Magem Badals, Jordi"]
[Black "Comas Fabrego, Lluis"]
[WhiteElo "2520"]
[BlackElo "2490"]
[Result "1-0"]

1. e4 c5 2. c3 e6 3. d4 d5 4. exd5 exd5 5. Be3 Nd7 6. dxc5 Nxc5 7. Bb5+ Bd7 8. Qe2 Bxb5 9. Qxb5+ Qd7 10. Na3 a6 11. Qxd7+ Nxd7 12. Nc2 Ngf6 13. O-O-O Bc5 14. Ne2 O-O-O 15. Nf4 Bxe3+ 16. Nxe3 Nb6 17. Rhe1 Rd7 18. h4 h5 19. f3 Kd8 20. Nc2 Re8 21. Rxe8+ Kxe8 22. b3 Na8 23. Ne3 Nc7 24. g4 hxg4 25. fxg4 Re7 26. Nexd5 Ncxd5 27. Nxd5 Nxd5 28. Rxd5 Re2 29. a4 Rh2 30. h5 Re2 31. Rg5 Kf8 32. Rc5 Re4 33. g5 Rh4 34. Rc8+ 

1-0

[Event "Leon"]
[Site "?"]
[Date "1991.??.??"]
[Round "?"]
[White "Magem Badals, Jordi"]
[Black "Romero Holmes, Alfonso"]
[WhiteElo "2490"]
[BlackElo "2485"]
[Result "1-0"]

1. e4 c5 2. Nf3 Nc6 3. d4 cxd4 4. Nxd4 g6 5. c4 Nf6 6. Nc3 d6 7. Nc2 Bg7 8. Be2 Nd7 9. Bd2 O-O 10. O-O Nc5 11. f3 a5 12. b3 f5 13. exf5 Bxf5 14. Ne3 a4 15. Nxf5 gxf5 16. Rb1 axb3 17. axb3 Nd4 18. b4 Nd7 19. Be3 Nxe2+ 20. Nxe2 Qe8 21. c5 dxc5 22. bxc5 Rc8 23. Rb5 Rc7 24. Nf4 Bh6 25. Qb3+ e6 26. Nxe6 Bxe3+ 27. Qxe3 

1-0

[Event "Pontevedra"]
[Site "?"]
[Date "1986.??.??"]
[Round "?"]
[White "Magem Badals, Jordi"]
[Black "Fernandez Garcia, Jose Luis"]
[WhiteElo "2380"]
[BlackElo "2485"]
[Result "1-0"]

1. e4 e5 2. Nf3 Nc6 3. Bb5 a6 4. Ba4 Nf6 5. O-O Be7 6. Re1 b5 7. Bb3 O-O 8. a4 b4 9. d4 d6 10. dxe5 dxe5 11. Qxd8 Rxd8 12. Bg5 Be6 13. Bxe6 fxe6 14. Nbd2 h6 15. Be3 Ng4 16. Nc4 Nxe3 17. fxe3 Bf6 18. Red1 Kf7 19. Kf2 Ke8 20. Ke2 Rxd1 21. Rxd1 Rd8 22. Rxd8+ Kxd8 23. Kd3 Kd7 24. Nfd2 Be7 25. Nb3 h5 26. Ncd2 Kd6 27. Kc4 Bg5 28. Nf1 g6 29. Kd3 Be7 30. Nfd2 Kd7 31. Nc4 Bf8 32. Nc1 Be7 33. Nd2 Na5 34. Ndb3 Nxb3 35. Nxb3 c5 36. Kc4 Kc6 37. a5 Bd6 38. Nc1 Be7 39. Nd3 Bd6 40. h4 Bc7 41. Nxc5 Bxa5 42. Nxa6 b3 43. c3 Bb6 44. Nb4+ Kd6 45. Kxb3 Bxe3 46. Nd3 Bf4 47. c4 Bg3 48. c5+ Kc7 49. Kc4 Bxh4 50. Nxe5 Bf6 51. Nxg6 Bxb2 52. Nf4 Kd7 53. Nxh5 Be5 54. Kb5 Ke7 55. c6 

1-0

[Event "Madrid"]
[Site "?"]
[Date "1994.??.??"]
[Round "?"]
[White "Bareev, Evgeny"]
[Black "Magem Badals, Jordi"]
[WhiteElo "2685"]
[BlackElo "2505"]
[Result "0-1"]

1. c4 c5 2. Nf3 Nf6 3. Nc3 d5 4. cxd5 Nxd5 5. d4 e6 6. e4 Nxc3 7. bxc3 cxd4 8. cxd4 Nc6 9. a3 Be7 10. Bd3 O-O 11. e5 b6 12. Be4 Bb7 13. Qd3 h6 14. Bd2 Qd7 15. O-O Rfd8 16. Rfd1 Bf8 17. Be3 Na5 18. Nd2 Rac8 19. Bxb7 Qxb7 20. Ne4 Nc4 21. Bxh6 Nxe5 22. Qe2 Ng6 23. Bg5 Be7 24. g3 Bxg5 25. Nxg5 Rd5 26. h4 Rcd8 27. Qg4 Qd7 28. Rac1 e5 29. Qxd7 R5xd7 30. d5 Nf8 31. h5 Rxd5 32. Rxd5 Rxd5 33. Rc8 e4 34. Nxe4 Rxh5 35. f4 Ra5 36. Kf2 f6 37. Nd6 Rxa3 38. Rc7 Rd3 39. Rc6 Ne6 40. Nc8 Nc5 41. Nxa7 Ne4+ 42. Ke2 Ra3 43. Nc8 Nxg3+ 44. Kf2 Ne4+ 45. Ke2 b5 46. Ne7+ Kf7 47. Nd5 Kg6 48. Rb6 Rb3 49. Rb7 Ng3+ 50. Kd2 Nf5 51. Kc2 Rg3 52. Kd2 Nd6 53. Re7 Kf5 54. Ke2 b4 55. Nxb4 Kxf4 56. Nd5+ Kf5 57. Nc7 g5 58. Nd5 Ra3 

0-1

[Event "Casino GM"]
[Site "?"]
[Date "2009.11.07"]
[Round "?"]
[White "Fier, Alexandr"]
[Black "Magem Badals, Jordi"]
[WhiteElo "2653"]
[BlackElo "2564"]
[Result "0-1"]

1. d4 d5 2. c4 dxc4 3. Nf3 Nf6 4. Nc3 c5 5. d5 e6 6. e4 exd5 7. e5 Ne4 8. Qxd5 Nxc3 9. Qxd8+ Kxd8 10. bxc3 Nc6 11. Bxc4 Be6 12. Bxe6 fxe6 13. Ng5 Ke7 14. f4 h6 15. Ne4 Kd7 16. Be3 b6 17. Ke2 Be7 18. Rhf1 Rhd8 19. Rf3 Ke8 20. Raf1 Rd5 21. Rg3 Bf8 22. h4 c4 23. h5 Ra5 24. Ra1 Rd8 25. Nd2 b5 26. Rg6 Kf7 27. f5 Nxe5 28. Rxe6 Rd5 29. Bd4 Nd3 30. Rf1 Rxa2 31. Ke3 Bc5 32. Rc6 Bxd4+ 33. cxd4 Rd7 34. f6 Nb4 35. fxg7+ Kxg7 36. Rg6+ Kh7 37. Rd1 Nd5+ 38. Kf3 Rf7+ 39. Kg3 Ne3 

0-1

[Event "Capablanca mem-A"]
[Site "?"]
[Date "1993.??.??"]
[Round "?"]
[White "Zapata, Alonso"]
[Black "Magem Badals, Jordi"]
[WhiteElo "2580"]
[BlackElo "2510"]
[Result "0-1"]

1. e4 c6 2. d4 d5 3. Nc3 dxe4 4. Nxe4 Bf5 5. Ng3 Bg6 6. h4 h6 7. Nf3 Nf6 8. h5 Bh7 9. Bd3 Bxd3 10. Qxd3 e6 11. Bf4 Bd6 12. Bxd6 Qxd6 13. O-O-O Nbd7 14. Ne4 Nxe4 15. Qxe4 Nf6 16. Qe2 O-O 17. Kb1 Rfd8 18. Ne5 c5 19. dxc5 Qxc5 20. g4 Rac8 21. c4 a6 22. f4 Rd4 23. Qf3 Ne4 24. Kc2 f6 25. Rxd4 Qxd4 26. Rd1 Qf2+ 27. Qxf2 Nxf2 28. Ng6 Rxc4+ 29. Kb3 Nxd1 30. Kxc4 Nxb2+ 31. Kc5 Na4+ 32. Kb4 b5 33. Ka5 Nc3 34. a3 Nb1 35. Kxa6 Nxa3 36. Ka5 Kf7 37. Kb4 Nc2+ 38. Kxb5 Ne3 39. Kc6 Nxg4 40. Nh8+ Ke8 41. Kd6 e5 42. Ng6 exf4 43. Nxf4 Kf7 44. Kd5 f5 45. Kd4 Kf6 46. Nh3 Ne5 47. Ke3 Nf7 48. Nf4 Ng5 49. Nd5+ Ke5 50. Nf4 Ne6 

0-1

[Event "Pamplona9394"]
[Site "?"]
[Date "1993.??.??"]
[Round "?"]
[White "Leko, Peter"]
[Black "Magem Badals, Jordi"]
[WhiteElo "2555"]
[BlackElo "2505"]
[Result "0-1"]

1. e4 c5 2. Nf3 Nc6 3. d4 cxd4 4. Nxd4 Nf6 5. Nc3 e5 6. Ndb5 d6 7. Bg5 a6 8. Na3 b5 9. Bxf6 gxf6 10. Nd5 Bg7 11. Bd3 Ne7 12. Nxe7 Qxe7 13. c3 f5 14. Nc2 Qg5 15. O-O Bb7 16. f3 O-O 17. exf5 d5 18. a4 e4 19. Be2 Be5 20. Qe1 b4 21. Nxb4 d4 22. cxd4 Bxd4+ 23. Kh1 Bxb2 24. Rb1 Be5 25. fxe4 Bxe4 26. Bf3 Qf4 27. Qg3+ Qxg3 28. hxg3 Bxb1 29. Bxa8 Rxa8 30. Rxb1 Rb8 31. Re1 Bxg3 32. Re3 Bf4 33. Re4 Bd6 34. Nd3 Rb1+ 35. Re1 Rxe1+ 36. Nxe1 h5 37. g3 Bxg3 38. Nd3 Kg7 39. Nc5 h4 40. Ne4 Kh6 41. Kg2 Kh5 42. Kh3 Bc7 43. Nd2 Bf4 44. Ne4 Bg3 45. f6 Be5 46. a5 Bg3 47. Nc5 Kg5 48. Ne4+ Kf5 49. Nc5 Kxf6 50. Nxa6 Bd6 51. Kxh4 Kf5 52. Kh3 Kf4 53. Kg2 Ke3 54. Kf1 Kf3 55. Ke1 Ke3 56. Kd1 Kd3 57. Ke1 Kc4 

0-1

[Event "EU-chT"]
[Site "?"]
[Date "1992.??.??"]
[Round "?"]
[White "Spasov, Vasil"]
[Black "Magem Badals, Jordi"]
[WhiteElo "2550"]
[BlackElo "2515"]
[Result "0-1"]

1. e4 c6 2. d4 d5 3. Nd2 dxe4 4. Nxe4 Bf5 5. Ng3 Bg6 6. h4 h6 7. Nf3 Nf6 8. h5 Bh7 9. Bd3 Bxd3 10. Qxd3 e6 11. Bd2 Nbd7 12. O-O-O Be7 13. Qe2 O-O 14. Rhe1 c5 15. Nf5 cxd4 16. N3xd4 Bc5 17. Nxe6 fxe6 18. Qxe6+ Rf7 19. Bxh6 Qb6 20. Nxg7 Qxe6 21. Nxe6 Bxf2 22. Re2 Nxh5 23. Ng5 Ng3 24. Rxf2 Rxf2 25. Rxd7 Nf5 26. Rf7 Rc8 27. Rxf5 Rxf5 28. Nf3 a6 29. Be3 Rc6 30. Kd2 Rg6 31. Nh4 Rd5+ 32. Ke2 Rg4 33. Bf2 Re4+ 34. Kf3 Rc4 35. Ng6 Rf5+ 36. Ke3 Kf7 

0-1

[Event "Zonale 1.1"]
[Site "?"]
[Date "2000.09.11"]
[Round "?"]
[White "Van Den Doel, Erik"]
[Black "Magem Badals, Jordi"]
[WhiteElo "2547"]
[BlackElo "2482"]
[Result "0-1"]

1. e4 c6 2. Ne2 d5 3. e5 c5 4. d4 Nc6 5. c3 cxd4 6. cxd4 Bf5 7. Nbc3 e6 8. Ng3 Bg6 9. Bb5 Ne7 10. Bg5 Rc8 11. O-O h6 12. Bh4 a6 13. Bxc6+ Rxc6 14. f4 Qd7 15. Bxe7 Bxe7 16. f5 exf5 17. Qf3 O-O 18. Qxd5 Rd8 19. Qxd7 Rxd7 20. d5 Bc5+ 21. Kh1 Rb6 22. Nxf5 Bxf5 23. Rxf5 Bd4 24. d6 Rxb2 25. Nd5 Re2 26. Raf1 Bxe5 27. Nb6 Rxd6 28. Nc4 Rf6 29. g3 Rxf5 30. Rxf5 f6 31. a4 b5 32. axb5 axb5 33. Na5 b4 34. Rf3 Bc3 35. Rf5 Re5 36. Rxe5 Bxe5 37. Kg2 Kf7 38. Kf3 Ke6 39. Ke4 f5+ 40. Kd3 Kd5 41. Nb3 g5 

0-1

[Event "EU-chT"]
[Site "?"]
[Date "1997.??.??"]
[Round "?"]
[White "Cramling, Pia"]
[Black "Magem Badals, Jordi"]
[WhiteElo "2545"]
[BlackElo "2570"]
[Result "0-1"]

1. d4 d5 2. Nf3 Nf6 3. c4 dxc4 4. Nc3 a6 5. e4 b5 6. e5 Nd5 7. a4 Nxc3 8. bxc3 Qd5 9. g3 Bb7 10. Bg2 Qd7 11. Ba3 g6 12. h4 Bg7 13. h5 O-O 14. Qb1 Bd5 15. Nh4 Bxg2 16. Nxg2 Nc6 17. Qe4 b4 18. Bxb4 Nxb4 19. cxb4 Rfd8 20. hxg6 hxg6 21. Rh4 Rab8 22. b5 axb5 23. axb5 Rxb5 24. Ne3 c3 25. Rd1 Rb2 26. Nc4 Ra2 27. Qd3 g5 28. Re4 Qh3 29. Ne3 Qh2 30. Qf1 Rb8 31. Ng4 Qh7 32. Qg2 c2 33. Rc1 Rb1 34. Kd2 Rxc1 35. Kxc1 Qg6 36. e6 f5 37. Ne5 Qxe6 38. Re2 Qb3 

0-1

[Event "ch-Catalunya"]
[Site "?"]
[Date "2009.05.21"]
[Round "?"]
[White "Narciso Dublan, Marc"]
[Black "Magem Badals, Jordi"]
[WhiteElo "2534"]
[BlackElo "2531"]
[Result "0-1"]

1. e4 c5 2. Nf3 Nf6 3. e5 Nd5 4. g3 Nc6 5. Bg2 d6 6. exd6 Qxd6 7. O-O Bg4 8. h3 Bh5 9. Nc3 e6 10. Nxd5 Qxd5 11. d3 O-O-O 12. Be3 Qd6 13. g4 Bg6 14. Nh4 Be7 15. Nxg6 hxg6 16. c3 f5 17. b4 cxb4 18. cxb4 Kb8 19. Re1 Nd4 20. Rc1 Bf6 21. g5 Be5 22. Rc4 f4 23. Bxd4 Bxd4 24. Qf3 Rd7 25. b5 e5 26. a4 Qa3 27. Qg4 Qxd3 28. Rec1 Bb6 29. Qe6 Bxf2+ 30. Kh1 Qf5 31. Qxf5 gxf5 

0-1

[Event "g/10 Match"]
[Site "?"]
[Date "2000.06.30"]
[Round "?"]
[White "Vallejo Pons, Francisco"]
[Black "Magem Badals, Jordi"]
[WhiteElo "2528"]
[BlackElo "2529"]
[Result "0-1"]

1. e4 c6 2. d4 d5 3. Nc3 dxe4 4. Nxe4 Bf5 5. Ng3 Bg6 6. h4 h6 7. Nf3 Nf6 8. Ne5 Bh7 9. Bd3 Nbd7 10. Bxh7 Nxe5 11. dxe5 Qxd1+ 12. Kxd1 Nxh7 13. Ke2 e6 14. Be3 f5 15. exf6 Nxf6 16. Rad1 Be7 17. f3 O-O 18. c4 a6 19. Bb6 Bd8 20. Bc5 Rf7 21. Bd6 b5 22. b3 bxc4 23. bxc4 Raa7 24. Bc5 Rad7 25. Ke3 Bc7 26. Ne2 e5 27. Nc3 Ba5 28. Na4 e4 29. fxe4 Ng4+ 30. Ke2 Ne5 31. Bb6 Bxb6 32. Nxb6 Rb7 33. c5 Rf4 34. Ke3 Rbf7 35. Rd8+ Kh7 36. Re8 Ng4+ 37. Kd4 Rf2 38. a4 Rd2+ 39. Kc3 Rxg2 40. Kb4 Nf2 41. Rb1 Nd3+ 42. Kc4 Rf3 43. Rb3 Nb2+ 44. Kb4 Nd3+ 45. Kc4 Nb2+ 46. Kb4 a5+ 47. Ka3 Rff2 48. Rb8 Nc4+ 

0-1

[Event "ch-Catalunya"]
[Site "?"]
[Date "2008.05.22"]
[Round "?"]
[White "Oms Pallise, J"]
[Black "Magem Badals, Jordi"]
[WhiteElo "2524"]
[BlackElo "2470"]
[Result "0-1"]

1. d4 d5 2. c4 dxc4 3. Nf3 Nf6 4. e3 e6 5. Bxc4 c5 6. O-O Nc6 7. Qe2 cxd4 8. Rd1 Be7 9. Nxd4 Nxd4 10. exd4 Bd7 11. Nc3 Bc6 12. d5 exd5 13. Nxd5 Nxd5 14. Bxd5 Bxd5 15. Qb5+ Qd7 16. Rxd5 Qxb5 17. Rxb5 a6 18. Rb3 Rd8 19. Be3 Rd7 20. Rc1 f5 21. a4 Kf7 22. Kf1 Bf6 23. Ke2 Re8 24. Rc4 Re5 25. Kf3 b5 26. axb5 axb5 27. Rc6 g5 28. g3 g4+ 29. Ke2 Rb7 30. Rd3 Re6 31. Rc2 b4 32. Rb3 Be7 33. Rd3 h5 34. Rc4 Ra7 35. Kd1 Ra1+ 36. Rc1 Rxc1+ 37. Kxc1 h4 38. gxh4 Bxh4 39. Kc2 Be7 40. Kb3 Bd6 41. Rd4 Bxh2 42. Bf4 Bxf4 43. Rxf4 Kf6 44. Rxb4 Re2 45. Kc3 Rxf2 46. Rb8 g3 47. Rg8 f4 48. Kd3 Kf5 49. b4 Rb2 50. Kc4 Ke4 51. b5 Kf3 52. Kd4 

0-1

[Event "6th Banyoles Spain, Open"]
[Site "?"]
[Date "2003.08.05"]
[Round "?"]
[White "Mirzoev, Azer"]
[Black "Magem Badals, Jordi"]
[WhiteElo "2522"]
[BlackElo "2509"]
[Result "0-1"]

1. d4 d6 2. c4 e5 3. Nf3 e4 4. Nfd2 f5 5. Nc3 Nf6 6. e3 g6 7. Be2 Bg7 8. b4 O-O 9. Nb3 Be6 10. a4 Nbd7 11. a5 d5 12. O-O dxc4 13. Nd2 Nd5 14. Bxc4 N7f6 15. Qb3 Bf7 16. b5 Nxc3 17. Qxc3 Nd5 18. Qb3 Qd7 19. Ba3 Rfe8 20. Rae1 Rad8 21. g3 b6 22. Nb1 f4 23. exf4 e3 24. fxe3 Nxe3 25. Bxf7+ Qxf7 26. Qxf7+ Kxf7 27. Rf3 Bxd4 28. Kh1 Ng4 29. Rff1 bxa5 30. h3 Ne3 31. Rf3 Nc2 32. Rc1 Re2 33. Rd3 Rde8 34. Nd2 Re1+ 35. Rxe1 Rxe1+ 36. Kg2 Rg1+ 37. Kh2 Rd1 

0-1

[Event "Pamplona9495"]
[Site "?"]
[Date "1994.??.??"]
[Round "?"]
[White "Rivas Pastor, Manuel"]
[Black "Magem Badals, Jordi"]
[WhiteElo "2520"]
[BlackElo "2520"]
[Result "0-1"]

1. e4 c6 2. Nc3 d5 3. Nf3 Bg4 4. h3 Bh5 5. d4 e6 6. Be3 Nf6 7. exd5 cxd5 8. a3 Nc6 9. Be2 Be7 10. O-O Bxf3 11. Bxf3 O-O 12. Be2 Rc8 13. Qd3 Ne8 14. Rae1 Nd6 15. Nd1 b5 16. Bf4 b4 17. Bxd6 Qxd6 18. c3 bxc3 19. Nxc3 Bf6 20. Qa6 Qb8 21. Na4 Nxd4 22. b4 Rc6 23. Qd3 Nxe2+ 24. Rxe2 Rfc8 25. g3 Rc4 26. Nc5 Qc7 27. Rfe1 h6 28. Nb3 Rc3 29. Qd1 Qc4 30. Na5 Qd4 31. Qa4 Rxg3+ 32. Kh2 Rg5 33. Rg1 Be5+ 34. Kh1 Qf4 

0-1

[Event "ESP-chT"]
[Site "?"]
[Date "1995.??.??"]
[Round "?"]
[White "Izeta Txabarri, Felix"]
[Black "Magem Badals, Jordi"]
[WhiteElo "2515"]
[BlackElo "2520"]
[Result "0-1"]

1. d4 d5 2. c4 dxc4 3. Nf3 Nf6 4. e3 e6 5. Bxc4 c5 6. Qe2 cxd4 7. exd4 Be7 8. O-O O-O 9. Nc3 a6 10. Bg5 b5 11. Bb3 Bb7 12. Rfe1 Nc6 13. Rad1 Nd5 14. Bxd5 Bxg5 15. Be4 Bh6 16. d5 exd5 17. Nxd5 g6 18. h4 Re8 19. h5 Re6 20. Nh2 Bg7 21. Nf3 Bh6 22. hxg6 hxg6 23. Qd3 Qa5 24. b4 Qd8 25. Nc3 Ne5 26. Nxe5 Rxe5 27. f4 Re8 28. g3 Bg7 29. Re2 Bd5 30. Bxd5 Qb6+ 31. Kg2 Rxe2+ 32. Qxe2 Rf8 33. Qe4 a5 34. bxa5 Qxa5 35. Qxg6 Qxc3 36. Qf5 Qb2+ 37. Kh3 Qf6 38. Qg4 Rd8 39. Rd2 b4 40. Qf3 Kf8 41. Re2 Qf5+ 42. g4 Qh7+ 

0-1

[Event "Championship CAT"]
[Site "?"]
[Date "2014.03.01"]
[Round "?"]
[White "Movsziszian, Karen"]
[Black "Magem Badals, Jordi"]
[WhiteElo "2509"]
[BlackElo "2546"]
[Result "0-1"]

1. g3 d5 2. Bg2 g6 3. Nf3 Bg7 4. O-O e5 5. d3 Ne7 6. e4 O-O 7. Nc3 d4 8. Ne2 c5 9. Nd2 Nbc6 10. f4 exf4 11. gxf4 f5 12. Ng3 Qc7 13. Nf3 Bd7 14. e5 Nd8 15. c4 Ne6 16. h4 h5 17. Bd2 Bh6 18. Ne2 a5 19. Qc2 Bc6 20. b3 b5 21. cxb5 Bxb5 22. Ng5 Bxg5 23. fxg5 Ra6 24. Nf4 Nxf4 25. Bxf4 Re6 26. Rac1 Rc8 27. a3 Qd8 28. Qe2 Nd5 29. Bd2 Ne7 30. Rfe1 Ba6 31. b4 axb4 32. axb4 Qb6 33. bxc5 Rxc5 34. Rxc5 Qxc5 35. Qf3 Qb5 36. Ra1 Qxd3 37. Qa8+ Kg7 38. Bb4 Qe3+ 39. Kh1 Bd3 40. Re1 Qg3 41. Qa2 Ra6 42. Qd2 Re6 43. Kg1 Nd5 44. Bc5 Nf4 45. Qf2 Nh3+ 

0-1

[Event "Ibercaja op"]
[Site "?"]
[Date "1994.??.??"]
[Round "?"]
[White "Lasanta, C"]
[Black "Magem Badals, Jordi"]
[WhiteElo "2505"]
[BlackElo "2505"]
[Result "0-1"]

1. d4 d5 2. c4 c6 3. Nf3 Nf6 4. Nc3 a6 5. cxd5 cxd5 6. Bf4 Nc6 7. e3 Bg4 8. Rc1 e6 9. Qb3 Bxf3 10. gxf3 Na5 11. Qa4+ Nc6 12. Qb3 Ra7 13. Bd3 Bd6 14. Bxd6 Qxd6 15. f4 O-O 16. Na4 Kh8 17. Qb6 Nd7 18. Qb3 Rg8 19. Nc5 Nxc5 20. Rxc5 g5 21. fxg5 Rxg5 22. f4 Rg7 23. Kf1 Qf8 24. Rg1 Rxg1+ 25. Kxg1 Qg7+ 26. Kf2 Ra8 27. Qd1 Rg8 28. Qh1 Nxd4 29. Rc7 Nb5 30. Rxb7 Qxb2+ 31. Be2 Qxa2 32. Rxf7 Nc3 33. Qf3 Ne4+ 

0-1

[Event "Sevilla op"]
[Site "?"]
[Date "1999.??.??"]
[Round "?"]
[White "Rodriguez, Amador"]
[Black "Magem Badals, Jordi"]
[WhiteElo "2495"]
[BlackElo "2540"]
[Result "0-1"]

1. e4 c6 2. c4 d5 3. cxd5 cxd5 4. exd5 Nf6 5. Qa4+ Nbd7 6. Nc3 a6 7. Nf3 g6 8. Bb5 Bg7 9. O-O O-O 10. Bxd7 Bxd7 11. Qb3 e6 12. d4 Nxd5 13. Nxd5 exd5 14. Qxb7 Bf5 15. Bg5 f6 16. Bf4 Rf7 17. Qb3 g5 18. Bg3 Raa7 19. Rac1 Rfb7 20. Qc3 Bf8 21. a3 a5 22. Rfe1 a4 23. Qc6 Rb6 24. Bc7 Rxc6 25. Bxd8 Rxc1 26. Rxc1 Rb7 27. Bxf6 Rxb2 28. g4 Rb1 

0-1